| 000 | 04281nam a22004457a 4500 | ||
|---|---|---|---|
| 005 | 20110224150622.0 | ||
| 008 | 100508t xxu||||| |||| 00| 0 eng d | ||
| 010 | _aB-422001-019 | ||
| 020 | _c395.00 | ||
| 035 | _aB-422001-019 | ||
| 037 | _bUBH | ||
| 040 | _aDPL | ||
| 082 | _a342.54023 | ||
| 100 |
_aKumar, Narender _926207 |
||
| 245 |
_aConstitutional law of India / _cby Narender Kumar |
||
| 260 |
_aNew Delhi _bAllahabad Law Agency _c2010 |
||
| 270 |
_a1559, Outram Lines, Near Kingsway Camp _bDelhi _e110 009 |
||
| 300 |
_axcviii, 998 p. : _c23 cm. (Pbk) |
||
| 942 |
_2ddc _cEN _mNAR _h342.54023 |
||
| 999 |
_c35834 _d35834 |
||